| 000 | 01527cas a2200421 a 4500 | ||
|---|---|---|---|
| 001 | 18308409 | ||
| 003 | PILC | ||
| 005 | 20160127123849.0 | ||
| 008 | 030228c20039999ph ar 0 0eng | ||
| 010 |
_a 2005236131 _z 2012325884 |
||
| 022 | _a0115-3005 | ||
| 035 | _a(OCoLC)ocm51763683 | ||
| 040 |
_aNSyU _beng _cNSyU _dOCoLC _dMH _dWaU _dOCoLC _dOCLCF _dDLC |
||
| 042 | _apcc | ||
| 043 | _aa-ph--- | ||
| 050 | 0 | 0 |
_aDS 666.C5 _b.P559 2005 |
| 130 | 0 | _aPhilippines yearbook (Reference ed.) | |
| 245 | 1 | 4 | _aThe Philippines yearbook 2005. |
| 246 | 1 | 2 |
_aPhillippine business and government _f2004 |
| 246 | 1 | 2 |
_aPhilippine business & government _f<2010> |
| 246 | 3 | _aPhilippines year book | |
| 260 |
_aManila, Philippines : _bFookien Times, _c2005. |
||
| 300 |
_avolumes : _billustrations ; _c30 cm. |
||
| 310 | _aAnnual | ||
| 362 | 0 | _a2003- | |
| 500 | _aTitle from cover. | ||
| 515 | _aVol. for 2003 called also v. 1. | ||
| 590 | _aAcquired via LC overseas office. Jakarta Field Office. Most recent issues/items may not yet be available in LC Washington. | ||
| 651 | 0 |
_aPhilippines _vPeriodicals. |
|
| 651 | 7 |
_aPhilippines. _2fast |
|
| 655 | 7 |
_aPeriodicals. _2fast |
|
| 776 | 0 | 8 |
_iOnline version: _tPhilippines yearbook (Reference ed.) _w(OCoLC)608279360 |
| 787 | 1 |
_tPhilippines yearbook (Manila, Philippines : 2000) _x0115-3005 _w(DLC) 00200812 _w(OCoLC)44627867 |
|
| 906 |
_a7 _bibc _csercoop _d3 _encip _f20 _gn-oclcserc |
||
| 942 |
_2lcc _cBK _kFIL |
||
| 999 |
_c290447 _d290447 |
||